000 00693nam a2200277Ia 4500
005 20260121125011.0
008 008 260114s9999 xx 000 0 eng d
020 _a9781478023104
037 _aEBOOK
040 _aCRL
040 _beng
040 _cCRL
041 _2eng
041 _aeng
084 _qCRL
100 _aDavis, Muriam Haleh
_9985557
245 0 _aMarkets of Civilization: Islam and Racial Capitalism in Algeria
260 _bWalter de Gruyter
260 _bWalter de Gruyter
260 _c2022
650 _aHistory
_9985558
856 _uhttp://www.degruyter.com/isbn/9781478023104
942 _cEBOOK
999 _c1558750
_d1558750